000
00284nam a22001217a 4500
041
_a
ENG
100
_a
J.P Mittal
245
_a
Research Manual on Energy Requirements in Agricultural Sector
260
_a
India
_b
ICAR
_c
1988
300
_a
150
650
_a
EOES (12)
856
_u
EOES
999
_c
2701
_d
2701